00498nam a2200145 a 450000100100000000500170001000800410002704000250006810000320009324500490012526000340017430000220020895201050023099900170033500003827220201002031220.0130408s1999 dr 000 0 spa d aDO-SdBNPbspacBNPHU1 aGarcía Dubus, Luis92049010aAnimo en dos minutos /cLuis García Dubus. aSanto Domingo :bMSC ,c1999. a160 p : ;c21 cm. 0010718PDaPDbPDcCTd2013-04-08iLF1l0o p38272-10r2020-06-25w2020-06-25yLFPDZNo se presta c37762d37762